Anuari econòmic comarcal Caixa de Catalunya 1996 : estimació del PIB comarcal 1995 / direcció: Josep Oliver i Alonso ; estudis comarcals: l'Alt Empordà, el Baix Empordà, la Garrotxa, el Gironès, el Pla de l'Estany, la Selva i el Ripollès ; direcció: Antoni Soy i Casals estimació del PIB comarcal 1995 / direcció:
Descripción Física:
350 p. ; 27'5 cm
MARC
| LEADER | 00000nam a2200000Ia 4500 | ||
|---|---|---|---|
| 001 | 11475 | ||
| 008 | 160829s1996 xx 000 0 cat d | ||
| 080 | |a M-1-172 | ||
| 245 | |a Anuari econòmic comarcal Caixa de Catalunya 1996 : |b estimació del PIB comarcal 1995 / direcció: |b Josep Oliver i Alonso ; estudis comarcals: |b l'Alt Empordà, el Baix Empordà, la Garrotxa, el Gironès, el Pla de l'Estany, la Selva i el Ripollès ; direcció: |b Antoni Soy i Casals | ||
| 260 | |a Barcelona : |b Caixa d'Estalvis de Catalunya, |c 1996 | ||
| 300 | |a 350 p. ; |c 27'5 cm | ||
| 650 | 0 | |a Economia |z Catalunya |9 19142 | |
| 650 | 0 | |a Producte interior brut |z Catalunya |9 3495 | |
| 650 | |a Catalunya |x Condicions econòmiques |x Estadístiques |9 32657 | ||
| 700 | |a Oliver i Alonso, Josep, dir. |9 32655 |e editor literari | ||
| 700 | 1 | |a Soy, Antoni, |d 1950- |e editor literari |9 42665 | |
| 901 | |a Arxiu | ||
| 942 | |n 1 |2 udc | ||
| 952 | |0 0 |1 0 |4 0 |6 M1172 |7 1 |9 46060 |a Arxiu |b Arxiu |d 2016-12-01 |l 0 |o M-1-172 |p 11475 |r 2016-12-01 00:00:00 |w 2016-12-01 |y ARXIU | ||
| 999 | |c 49561 |d 49561 | ||